000 00671nam a22002177a 4500
003 KOHA_MİRAKIL
005 20260415094401.0
008 260415b tu ||||| |||| 00| 0 tur d
020 _a9786058693302
040 _aTR-AnABB
_btur
_cTR-AnABB
041 _atur
082 _a321.8
_bBES 2012
100 1 _aBeşikçi, İsmail
245 1 0 _aGeçmişe tanıklık /
_cİsmail Beşikçi
246 _aİsmail Beşikçi - Yılmaz Öztürk Mektupları
260 _aİstanbul :
_bİsmail Beşikçi Vakfı Yayınları,
_c2012
300 _a307 sayfa ;
_c24 cm
650 0 4 _aDemokrasi, Tarih ve Kuram
650 0 4 _aMektuplar, Türk
942 _2ddc
_cBK
999 _c10256
_d10256
900 _bCan ÇELIK